<?xml version="1.0" encoding="UTF-8"?>
<marc:record xmlns:marc="http://www.loc.gov/MARC21/slim">
   <marc:leader>00000nam a2200000 a 4500</marc:leader>
   <marc:datafield ind1="1" ind2=" " tag="100">
      <marc:subfield code="a">Capus, Alex</marc:subfield>
      <marc:subfield code="4">aut</marc:subfield>
      <marc:subfield code="e">Verfasser/-in</marc:subfield>
   </marc:datafield>
   <marc:datafield ind1=" " ind2=" " tag="653">
      <marc:subfield code="a">Gesellschaftsroman</marc:subfield>
   </marc:datafield>
   <marc:datafield ind1=" " ind2=" " tag="653">
      <marc:subfield code="a">Wahre Begebenheit</marc:subfield>
   </marc:datafield>
   <marc:datafield ind1="0" ind2="0" tag="245">
      <marc:subfield code="a">13 wahre Geschichten</marc:subfield>
   </marc:datafield>
   <marc:datafield ind1=" " ind2="1" tag="264">
      <marc:subfield code="b">Deuticke</marc:subfield>
      <marc:subfield code="c">2004</marc:subfield>
   </marc:datafield>
   <marc:datafield ind1="1" ind2=" " tag="520">
      <marc:subfield code="a">Alex Capus tut, was er am besten kann: Geschichten erzählen. Diesmal sind es historische Miniaturen, also wahre Geschichten, die er der Vergessenheit entrissen hat - die wahre Geschichte des Gärtnergehilfen Ernest Perron etwa, der sich den Schah von Persien zum besten Freund nahm und wie er im Schatten des Pfaunenthrons zu Macht und Ansehen kam; oder jene des tapferen Schweizer Soldaten Max Waibel, der ganz allein den zweiten Weltkrieg um mehrere Monate verkürzte; oder jene des katholischen Lebemanns Geo Chavez, der als erster Mensch im Flugzeug die Alpen überflog und vor Schreck über diesen Frevel starb; oder jene des Uhrmachersohns Louis Chevrolet, der die erfolgreichste Automarke aller Zeiten gründete, zuletzt aber verarmt als angestellter Chevrolet-Mechaniker endete; oder jene der gottesfürchtigen Bauersfrau Veronika Gut, die nach dem Franzoseneinfall 1798 zur Waffenschmugglerin und Gotteskriegerin wurde.</marc:subfield>
   </marc:datafield>
   <marc:datafield ind1="3" ind2=" " tag="024">
      <marc:subfield code="a">3216307387</marc:subfield>
   </marc:datafield>
</marc:record>
